000 00435nmm a2200145Ia 4500
008 251105s9999||||xx |||||||||||||||||und||
041 _aspa
100 _aNovak, Brenda
245 0 _aUna mujer a la que amar
264 _a[Madrid, España] :
_bHarlequin,
_c[Fecha de publicación no identificada]
300 _a0 páginas
650 _aThriller & Suspense
856 _uhttps://public.digitaliapublishing.com/a/93775
942 _cCF
999 _c102226
_d102226